| 000 | 00409nam a22001697a 4500 | ||
|---|---|---|---|
| 005 | 20160524141947.0 | ||
| 008 | 160524b xxu||||| |||| 00| 0 eng d | ||
| 020 | _a981-243-692-8 | ||
| 041 | _aeng | ||
| 082 | _b4628 | ||
| 100 |
_aBell, Peter C _91151 |
||
| 245 | _aMgt Science/operations Research | ||
| 260 |
_aNew Delhi _bAcademic Faundation |
||
| 300 | _a367 | ||
| 650 |
_aManagement _9241 |
||
| 942 | _cBK | ||
| 999 |
_c1564 _d1563 |
||